书目信息 |
| 题名: |
沙特林那计划
|
|
| 作者: | ;中央电视台电视教育部 编 | |
| 分册: | ||
| 出版信息: | 北京 中国广播电视出版社 1986 |
|
| 页数: | 443页 | |
| 开本: | 19cm | |
| 丛书名: | ||
| 单 册: | ||
| 中图分类: | H319.4 , H31 | |
| 科图分类: | ||
| 主题词: | 英语--语言读物 , 英语 | |
| 电子资源: | ||
| ISBN: | ||
| 000 | 00795nam0 2200277 45 | |
| 001 | 0186006787 | |
| 005 | 20040510171519.5 | |
| 010 | @dCNY2.40 | |
| 091 | @a9236.058 | |
| 100 | @a19951031d1986 em y0chiy0121 ea | |
| 101 | 0 | @achi@aeng |
| 102 | @aCN@b110000 | |
| 105 | @ay z 000yy | |
| 106 | @ar | |
| 200 | 10 | @a沙特林那计划@Asha te lin na ji huai@dthe Sandrina project@zeng@f中央电视台电视教育部编 |
| 210 | @a北京@c中国广播电视出版社@d1986 | |
| 215 | @a443页@d19cm | |
| 510 | 1 | @athe Sandrina project@zeng |
| 606 | @a英语@x语言读物 | |
| 606 | 0 | @a英语 |
| 690 | @aH319.4@v3 | |
| 690 | @aH31 | |
| 711 | 02 | @a中央电视台电视教育部@4编@Azhong yang dian shi tai dian shi jiao yu bu |
| 801 | 0 | @aCN@b深圳图书馆@c20040510 |
| 801 | 2 | @aCN@bNLC@c20040510 |
| 905 | @f1@b164295@dH31@e225 | |
| 沙特林那计划=the Sandrina project/中央电视台电视教育部编.-北京:中国广播电视出版社,1986 |
| 443页;19cm |
| ISBN :CNY2.40 |
| ● |
| 相关链接 |
|
|
|
|
正题名:沙特林那计划
索取号:H31/225
 
预约/预借
| 序号 | 登录号 | 条形码 | 馆藏地/架位号 | 状态 | 备注 |
| 1 | 0164295 | 000934207 | 第四借阅区/ [索取号:H31/225] | 在馆 |